<?xml version="1.0" encoding="UTF-8"?>
<record
    xmlns:xsi="http://www.w3.org/2001/XMLSchema-instance"
    xsi:schemaLocation="http://www.loc.gov/MARC21/slim http://www.loc.gov/standards/marcxml/schema/MARC21slim.xsd"
    xmlns="http://www.loc.gov/MARC21/slim">

  <leader>01612cam a2200289 a 4500</leader>
  <controlfield tag="001">000011279</controlfield>
  <controlfield tag="005">20200929162416.0</controlfield>
  <controlfield tag="008">050919s2004    sp a     b    000 0 spa d</controlfield>
  <datafield tag="020" ind1=" " ind2=" ">
    <subfield code="a">8400082257</subfield>
  </datafield>
  <datafield tag="040" ind1=" " ind2=" ">
    <subfield code="a">DO-SdBNP</subfield>
    <subfield code="b">spa</subfield>
    <subfield code="c">BNPHU</subfield>
  </datafield>
  <datafield tag="082" ind1=" " ind2=" ">
    <subfield code="a">614.42468</subfield>
    <subfield code="b">C977u</subfield>
  </datafield>
  <datafield tag="111" ind1="2" ind2=" ">
    <subfield code="a">Curso de Verano</subfield>
    <subfield code="d">(2004</subfield>
    <subfield code="c">Universidad Internacional de Andaluc&#xED;a. Sede Iberoamericana de La R&#xE1;bida)</subfield>
    <subfield code="9">26856</subfield>
  </datafield>
  <datafield tag="245" ind1="1" ind2="0">
    <subfield code="a">Enfermedad y muerte en Am&#xE9;rica y Andaluc&#xED;a, siglos XVI-XX /</subfield>
    <subfield code="c">Jos&#xE9; Jes&#xFA;s Hern&#xE1;ndez Palomo, coordinador.</subfield>
  </datafield>
  <datafield tag="260" ind1=" " ind2=" ">
    <subfield code="a">Sevilla, Espa&#xF1;a :</subfield>
    <subfield code="b">Consejo Superior de Investigaciones Cient&#xED;ficas;</subfield>
    <subfield code="b">Escuela de Estudios Hispano-Americanos,</subfield>
    <subfield code="c">2004.</subfield>
  </datafield>
  <datafield tag="300" ind1=" " ind2=" ">
    <subfield code="a">546 p. :</subfield>
    <subfield code="b">il. ;</subfield>
    <subfield code="c">24 cm.</subfield>
  </datafield>
  <datafield tag="490" ind1="1" ind2=" ">
    <subfield code="a">Publicaciones del Consejo Superior de Investigaciones Cient&#xED;ficas.</subfield>
    <subfield code="a">Escuela de Estudios Hispano-Americanos</subfield>
    <subfield code="v">432</subfield>
  </datafield>
  <datafield tag="504" ind1=" " ind2=" ">
    <subfield code="a">Incluye referencias bibliogr&#xE1;ficas y notas al pie de las p&#xE1;ginas</subfield>
  </datafield>
  <datafield tag="650" ind1=" " ind2="4">
    <subfield code="a">Enfermedades</subfield>
    <subfield code="z">Am&#xE9;rica Latina</subfield>
    <subfield code="x">Historia</subfield>
    <subfield code="y">SIGLOS XVI-XX</subfield>
    <subfield code="9">26857</subfield>
  </datafield>
  <datafield tag="650" ind1=" " ind2="4">
    <subfield code="a">Enfermedades</subfield>
    <subfield code="z">Andaluc&#xED;a (Espa&#xF1;a{Rpara}</subfield>
    <subfield code="x">Historia</subfield>
    <subfield code="y">SIGLOS XVI-XX</subfield>
    <subfield code="9">26858</subfield>
  </datafield>
  <datafield tag="650" ind1=" " ind2="4">
    <subfield code="a">Epidemias</subfield>
    <subfield code="z">Am&#xE9;rica Latina</subfield>
    <subfield code="x">Historia</subfield>
    <subfield code="y">SIGLOS XVI-XX</subfield>
    <subfield code="9">26859</subfield>
  </datafield>
  <datafield tag="650" ind1=" " ind2="4">
    <subfield code="a">Epidemias</subfield>
    <subfield code="z">Andaluc&#xED;a (Espa&#xF1;a{Rpara}</subfield>
    <subfield code="x">Historia</subfield>
    <subfield code="y">SIGLOS XVI-XX</subfield>
    <subfield code="9">26860</subfield>
  </datafield>
  <datafield tag="650" ind1=" " ind2="4">
    <subfield code="a">Mortalidad</subfield>
    <subfield code="z">Espa&#xF1;a</subfield>
    <subfield code="x">Historia</subfield>
    <subfield code="y">SIGLO XVI-XX</subfield>
    <subfield code="9">26861</subfield>
  </datafield>
  <datafield tag="650" ind1=" " ind2="4">
    <subfield code="a">Am&#xE9;rica latina</subfield>
    <subfield code="z">Andaluc&#xED;a</subfield>
    <subfield code="x">Historia</subfield>
    <subfield code="y">SIGLOS XVI-XX</subfield>
    <subfield code="9">26862</subfield>
  </datafield>
  <datafield tag="700" ind1="1" ind2="2">
    <subfield code="a">Hern&#xE1;ndez Palomo, Jos&#xE9; Jes&#xFA;s,</subfield>
    <subfield code="e">coord.</subfield>
    <subfield code="9">26863</subfield>
  </datafield>
  <datafield tag="830" ind1=" " ind2="0">
    <subfield code="a">Publicaciones del Consejo Superior de Investigaciones Cient&#xED;ficas.</subfield>
    <subfield code="p">Escuela de Estudios Hispano-Americanos ;</subfield>
    <subfield code="n">432.</subfield>
    <subfield code="9">26864</subfield>
  </datafield>
  <datafield tag="910" ind1=" " ind2=" ">
    <subfield code="a">Validado. Control de calidad MFF</subfield>
  </datafield>
  <datafield tag="952" ind1=" " ind2=" ">
    <subfield code="0">0</subfield>
    <subfield code="1">0</subfield>
    <subfield code="5">0</subfield>
    <subfield code="7">1</subfield>
    <subfield code="8">MO</subfield>
    <subfield code="a">GR</subfield>
    <subfield code="b">GR</subfield>
    <subfield code="c">HD</subfield>
    <subfield code="d">2013-10-15</subfield>
    <subfield code="i">LF1</subfield>
    <subfield code="l">0</subfield>
    <subfield code="o">614.42468 C977u</subfield>
    <subfield code="p">11279-20</subfield>
    <subfield code="r">2020-06-25</subfield>
    <subfield code="w">2020-06-25</subfield>
    <subfield code="y">1</subfield>
    <subfield code="Z">No se presta</subfield>
  </datafield>
  <datafield tag="952" ind1=" " ind2=" ">
    <subfield code="0">0</subfield>
    <subfield code="1">0</subfield>
    <subfield code="5">4</subfield>
    <subfield code="7">0</subfield>
    <subfield code="8">MO</subfield>
    <subfield code="a">GR</subfield>
    <subfield code="b">GR</subfield>
    <subfield code="c">HD</subfield>
    <subfield code="d">2009-10-15</subfield>
    <subfield code="i">LF1</subfield>
    <subfield code="l">0</subfield>
    <subfield code="o">614.42468 C977u</subfield>
    <subfield code="p">11279-10</subfield>
    <subfield code="r">2020-06-25</subfield>
    <subfield code="w">2020-06-25</subfield>
    <subfield code="y">4</subfield>
    <subfield code="Z">Pr&#xE9;stamo en sala</subfield>
  </datafield>
  <datafield tag="999" ind1=" " ind2=" ">
    <subfield code="c">10996</subfield>
    <subfield code="d">10996</subfield>
  </datafield>
</record>
